| 000 | 00746nam a22002057a 4500 | ||
|---|---|---|---|
| 999 |
_c10472 _d10472 |
||
| 003 | AR-CdUCM | ||
| 008 | 190401b ||||| |||| 00| 0 spa d | ||
| 040 |
_aMUNICIPALIDAD PROVINCIAL DEL CUSCO _cBIBLIOTECA MUNICIPAL DEL CUSCO |
||
| 082 |
_a345.98 / _bR68 / 1827 |
||
| 100 |
_aRivero, Luis Fernando _927352 |
||
| 245 |
_aLecciones de Politica : _bSegun los principios del sistema popular representativo / |
||
| 260 |
_aParis : _bImprenta de Gaultier - Laguionie, _c1827. |
||
| 300 |
_a459 paginas ; _c17 cm. |
||
| 505 | _aContenido: Constitucion -- del derecho de eleccion -- poderes del estado -- municipios... | ||
| 650 |
_aSistemas _92854 |
||
| 650 |
_aPoderes _92116 |
||
| 650 |
_aMunicipios _98192 |
||
| 942 |
_2ddc _cLIBROS |
||
| 945 | _apjha | ||